Catalog

Record Details

Catalog Search



No kidding, mermaids are a joke! : the story of the little mermaid, as told by the Prince  Cover Image Book Book

No kidding, mermaids are a joke! : the story of the little mermaid, as told by the Prince / by Nany Loewen ; illustrated by Amit Tayal.

Summary:

Believing that his friends are playing a practical joke on him to make him think mermaids are real, the Prince concocts an elaborate scheme to get back at them.

Record details

  • ISBN: 9781404883031
  • ISBN: 1404883037
  • ISBN: 9781479519477
  • ISBN: 1479519472
  • ISBN: 9781479519514
  • ISBN: 1479519510
  • Physical Description: 24 p. : col. ill. ; 27 cm.
  • Publisher: North Mankato, MN : Picture Window Books, c2014.

Content descriptions

Bibliography, etc. Note:
Includes bibliographic references.
Target Audience Note:
2-3.
PreK-3.
Subject: Mermaids > Juvenile fiction.
Practical jokes > Juvenile fiction.

Available copies

  • 1 of 1 copy available at scottsboropl.

Holds

  • 0 current holds with 1 total copy.
Show Only Available Copies
Location Call Number / Copy Notes Barcode Shelving Location Status Due Date
scottsboropl E Loe 32269000941750 Juvenile - Easy Available -

LDR 01279cam a2200337I 4500
001137066
003CONS
00520171120095013.0
008130327s2014 mnu j 000 0 eng d
020 . ‡a9781404883031
020 . ‡a1404883037
020 . ‡a9781479519477
020 . ‡a1479519472
020 . ‡a9781479519514
020 . ‡a1479519510
035 . ‡a(CPomAG)LMN566206
05014. ‡aF ‡bLoewen Nancy
1001 . ‡aLoewen, Nancy, ‡d1964-
24510. ‡aNo kidding, mermaids are a joke! : ‡bthe story of the little mermaid, as told by the Prince / ‡cby Nany Loewen ; illustrated by Amit Tayal.
260 . ‡aNorth Mankato, MN : ‡bPicture Window Books, ‡cc2014.
300 . ‡a24 p. : ‡bcol. ill. ; ‡c27 cm.
504 . ‡aIncludes bibliographic references.
5210 . ‡a2-3.
5212 . ‡aPreK-3.
520 . ‡aBelieving that his friends are playing a practical joke on him to make him think mermaids are real, the Prince concocts an elaborate scheme to get back at them.
650 0. ‡aMermaids ‡vJuvenile fiction.
650 0. ‡aPractical jokes ‡vJuvenile fiction.
7001 . ‡aTayal, Amit, ‡eill.
830 0. ‡aOther side of the story.
959 . ‡i32269000941750 ‡lE Loe ‡aJuvenile - Easy ‡tEasy ‡g20.00
852 . ‡p32269000941750 ‡jE Loe ‡gJuvenile - Easy ‡cEasy ‡y20.00 ‡bSBPL
901 . ‡a137066 ‡bUnknown ‡c137066 ‡tbiblio

Additional Resources